| 000 | 01588cam a2200349 i 4500 | ||
|---|---|---|---|
| 001 | 13194447 | ||
| 003 | EG-ScBUE | ||
| 005 | 20240819104527.0 | ||
| 008 | 161020r20222017nyua f b 001 0 eng d | ||
| 020 | _a9781628929546 | ||
| 035 | _a(DLC) 2016042720 | ||
| 035 | _a13194447 | ||
| 040 |
_aDLC _beng _erda _cDLC _dOCLCF _dYDX _dOCLCQ _dYDX _dOCLCO _dUBY _dEG-ScBUE |
||
| 082 | 0 | 4 |
_222 _a747.023 _bBOT |
| 100 | 1 |
_aBotti-Salitsky, Rose Mary, _eauthor. |
|
| 245 | 1 | 0 |
_aProgramming & research : _bskills and techniques for interior designers / _cRose Mary Botti-Salitsky, PhD, ASID, IIDA, Mount IDA College. |
| 246 | 3 | _aProgramming and research | |
| 250 | _aSecond edition. | ||
| 250 | _aReprint edition. | ||
| 264 | 1 |
_aNew York, NY : _bFairchild Books, an imprint of Bloomsbury Publishing, _c2022. |
|
| 300 |
_axiv, 306 pages : _billustrations (black and white) ; _c28 cm |
||
| 336 |
_atext _btxt _2rdacontent |
||
| 336 |
_astill image _bsti _2rdacontent |
||
| 336 |
_acartographic image _bcri _2rdacontent |
||
| 337 |
_aunmediated _bn _2rdamedia |
||
| 338 |
_avolume _bnc _2rdacarrier |
||
| 504 | _aIncludes bibliographical references and index. | ||
| 505 | 0 | _aWhat is programing? -- The process of design -- Defining a topic and structuring your program document -- Research methods -- Historical, observational, and interactive research -- Exterior, interior, and site analysis -- Precedent studies -- Generating the program -- Written and visual analysis -- Challenging your thinking. | |
| 650 | 7 |
_aInterior decoration _vTextbooks. _2BUEsh |
|
| 655 | _vReading book | ||
| 942 |
_2ddc _cBB |
||
| 999 |
_c30808 _d30779 |
||